000 00437nam a2200181 4500
005 20240530110936.0
008 221012s ua a f b 000 0 eng d
017 _bمصر. دار الكتب
020 _a0500201749
040 _aEG-CaGPL
_cEG-CaGPL
082 0 4 _221
_a759\
_bM M
100 1 _aMURRAY, LINDA
245 1 0 _aMICHELANELO \
_cLINDA MURRAY
300 _a216 P.
650 0 7 _2qrmak
651 _2qrmak
942 _2ddc
_cBK
999 _c66743
_d66743